000 00349nam a2200145Ia 4500
008 191201s2008 xx 000 0 und d
082 _a657
_bLAA
100 _aLAL, Jawahar
245 0 _aAdvanced Management Accounting
250 _a1st Rep
260 _aN.Delhi
_bS Chand and Co. Ltd.
_c2008
300 _a16.16
650 _aMBA
942 _2ddc
_cBK
999 _c2854
_d2854